Southville International School and Colleges
Your cart is empty.
  • Cart
  • Lists
    Public lists Eva Luna New books Lux_list list_1
    Your lists Log in to create your own lists
  • Log in to your account
  • Your cookies
  • Search history
Southville International School and Colleges
  • Advanced search
  • Recent comments
  • Most popular
  • Libraries

Log in to your account

Log in with GOOGLE


If you do not have an external account, but do have a local account, you can still log in:

  1. Home
  2. MARC view: Severe emotional disturbance in children and adolescents :
Normal view MARC view ISBD view

Severe emotional disturbance in children and adolescents : (Record no. 357656)

[ view plain ]
MARC details
000 -LEADER
fixed length control field 00764nam a2200241Ia 4500
008 - FIXED-LENGTH DATA ELEMENTS--GENERAL INFORMATION
fixed length control field 180523s9999 xx 000 0 und d
020 ## - INTERNATIONAL STANDARD BOOK NUMBER
International Standard Book Number 1-58391-212-6
050 ## - LIBRARY OF CONGRESS CALL NUMBER
Classification number MAIN RJ 504
050 ## - LIBRARY OF CONGRESS CALL NUMBER
Item number .F59 2004
100 ## - MAIN ENTRY--PERSONAL NAME
Personal name Flynn, Denis.
245 #0 - TITLE STATEMENT
Title Severe emotional disturbance in children and adolescents :
245 #0 - TITLE STATEMENT
Remainder of title psychotherapy in applied contexts /
245 #0 - TITLE STATEMENT
Statement of responsibility, etc Denis Flynn.
260 ## - PUBLICATION, DISTRIBUTION, ETC. (IMPRINT)
Place of publication, distribution, etc Hove ; New York :
260 ## - PUBLICATION, DISTRIBUTION, ETC. (IMPRINT)
Name of publisher, distributor, etc Brunner-Routledge,
260 ## - PUBLICATION, DISTRIBUTION, ETC. (IMPRINT)
Date of publication, distribution, etc 2004
300 ## - PHYSICAL DESCRIPTION
Extent 258 pages :
300 ## - PHYSICAL DESCRIPTION
Dimensions 24 cm.
500 ## - GENERAL NOTE
General note Includes bibliographical references and index.
650 ## - SUBJECT ADDED ENTRY--TOPICAL TERM
Topical term or geographic name as entry element Child psychotherapy -- Case studies.
650 ## - SUBJECT ADDED ENTRY--TOPICAL TERM
Topical term or geographic name as entry element Menatally ill children -- Treatment -- Case studies.
650 ## - SUBJECT ADDED ENTRY--TOPICAL TERM
General subdivision Adolescent psychotherapy -- Case studies.
Holdings
Withdrawn status Lost status Damaged status Home library Current library Shelving location Date acquired Cost, normal purchase price Total Checkouts Full call number Barcode Date last seen Price effective from Koha item type
      South Mansfield College South Mansfield College   03/07/2005 2.00   MAIN RJ 504 .F59 2004 SMC00818 05/23/2018 05/23/2018  

Severe emotional disturbance in children and adolescents :

APA

Flynn D., .Severe emotional disturbance in children and adolescents. Hove ; New York: .

Chicago

Flynn Denis, .Severe emotional disturbance in children and adolescents. Hove ; New York: .

Harvard

Flynn D., .Severe emotional disturbance in children and adolescents. Hove ; New York: .

MLA

Flynn Denis, .Hove ; New York: . .

  • Place hold
  • Print
  • Cite
  • Add to your cart (remove)
  • Save record
    BIBTEX Dublin Core MARCXML MARC (non-Unicode/MARC-8) MARC (Unicode/UTF-8) MARC (Unicode/UTF-8, Standard) MODS (XML) RIS
  • More searches
    Search for this title in:
    Other Libraries (WorldCat) Other Databases (Google Scholar) Online Stores (Bookfinder.com) Open Library (openlibrary.org)

Exporting to Dublin Core...

SOUTHVILLE LIBRARY

Southville International School and Colleges Library

1281 Tropical Ave. Cor. Luxembourg St., BF Homes International, Las Pinas City

Tel. No. 8256374 / 252358 Loc. 117/146

Powered by Koha